000 005800000a22001930004500
090 _aAR
_b03157
245 1 0 _aRevision of the genus Xiphotheca (<Fabaceae>)
650 1 4 _aVegetación
_992799
650 1 4 _aBotánica
_9361
650 1 4 _aCladística
_912117
650 1 4 _aMorfología vegetal
_918295
650 1 4 _aDistribución geográfica
_992997
651 4 _pSudáfrica
_992749
653 _fFabaceae
_gXiphotheca
041 0 _aInglés
100 1 _aSchutte, Anne Lise
_996742
942 _cARTICULO
773 1 _tAnnals of the Missouri Botanical Garden
_3157
_h1
_q90-102
_d1997
_g84
999 _c12212
_d12212